Luật phá sản

Bewaard in:
Bibliografische gegevens
Formaat: Boek
Taal:Undetermined
Gepubliceerd in: Hà Nội Lao động - Xã hội 2005
Onderwerpen:
Tags: Voeg label toe
Geen labels, Wees de eerste die dit record labelt!
Thư viện lưu trữ: Trung tâm Học liệu Trường Đại học Cần Thơ
LEADER 00477nam a2200181Ia 4500
001 CTU_104293
008 210402s9999 xx 000 0 und d
020 |c 6000 
082 |a 346.597078 
082 |b L504 
245 0 |a Luật phá sản 
260 |a Hà Nội 
260 |b Lao động - Xã hội 
260 |c 2005 
650 |a Business failures 
650 |x Law and legislation 
904 |i Minh 
980 |a Trung tâm Học liệu Trường Đại học Cần Thơ